000 00738nam a2200253Ia 4500
003 OSt
005 20220928115704.0
006 a|||||r|||| 00| 0
007 ta
008 220927b |||||||| |||| 00| 0 eng d
020 _cUKP 95.00
024 _a135149
037 _b56, 21/02/2017, Kiran Book Service
_cTextual
040 _aSDCL
_cSDCL
_beng
041 _2eng
_aeng
082 _aY38, Q2
100 _aCoakley John
_9445546
245 0 _aNationalism, ethnicity and the state
_b Making and breaking nations
260 _aLondon
_bSage
_c2012
300 _axi,308p.
_ccm.
650 _aHistory
942 _hY38, Q2
_cTEXL
_2CC
999 _c760473
_d760473